Superior servants : The legendary Cantonese amahs of the Far East

Bibliographic Details
Main Author: Gaw, Kenneth
Format: Book
Published: Singapore : Oxford University Press , 1991
Subjects:

MARC

LEADER 00000cam a2200000 7i4500
001 0000003998
002 000004304
005 20071224.0
020 |a 0195885554 
090 0 0 |a 640.92   |b GAW 
100 1 |a Gaw, Kenneth 
245 1 0 |a Superior servants :   |b The legendary Cantonese amahs of the Far East   |c Kenneth Gaw 
260 |a Singapore :   |b Oxford University Press ,   |c 1991 
300 |a 177p. :   |b ill ;   |c 25cm. 
650 0 0 |a Women domestics   |x History 
999 |a 037224   |b BUKU   |c MALAYSIANA   |e PERPUSTAKAAN KOMUNITI PETALING JAYA